000 00691cab a2200229 4500
001 WB3006-12
008 090401t1994 xxu||||| |||| 00| 0 eng d
035 _a(Sirsi) u67005
041 _aeng
100 _aKnight, C.H.
245 _aProperty investment
260 _c1994
350 _a0
490 _aCSW - The Property Week
_v46(6) 10 February 1994, 60(1)
520 _aUrges fund managers to analyse potential property acquisitions on an internal rate of return basis.
650 _aINSTITUTIONAL INVESTMENT
650 _aINTERNAL RATE OF RETURN
650 _aPROPERTY PORTFOLIOS
690 _aPROPERTY-PROPERTY FINANCE AND INVESTMENT
942 _n0
948 _c04/03/1997
999 _c41896
_d41896